000 00340nam a2200145Ia 4500
003 OSt
008 191201s2009 xx 000 0 und d
100 _aSAHNI, Rahul
245 0 _aMicroprocessors and Interfacing
250 _a1st
260 _aN. Delhi
_bIshan Publications
_c2009
300 _a416
650 _aB.Tech(CSE)
942 _2ddc
_cBK
999 _c124
_d124